00911nam a2200265 a 4500001001300000003000900013005001700022008004100039020001000080082001300090100002700103245005200130260004800182300000800230500003500238505000800273650002600281700002700307902000800334942000700342952009300349952009400442952009400536999001500630nice12345678IN_TiNIC20260116011834.0050524s1935 laha grp 000 0 urd  ac10000a231bHMS aHenry Marty, Institute aKhuda Ka Pidrana Salukb the Way of the Father. aLahorebPunjab Religious Booksociety c1935 a29p aincludes index and biblioraphy2 aApp aGod-Biblical Teaching1 aHenry Marty, Institute bSRS cBK 00104070aHMIbHMId0000-00-00g100.00l0o231 HMSp6019r0000-00-00w2026-01-16yARB 00104070aHMIbHMId0000-00-00g100.00l0o231 HMSp10949r0000-00-00w2026-01-16yARB 00104070aHMIbHMId0000-00-00g100.00l0o231 HMSp10950r0000-00-00w2026-01-16yARB c4346d4346